Výpočet efektívnej úrokovej miery pri reportingu finančného lízingu

Úprava lízingu v medzinárodných účtovných štandardoch (IAS/IFRS), ktoré upravujú lízing v IAS17-Lízingy. Reporting finančného lízingu podľa IAS/IFRS. Lízing podľa slovenských predpisov.

Gespeichert in:
Bibliographische Detailangaben
1. Verfasser: Harumová, Anna, 1955-
Format: Buchkapitel
Sprache:Slowakisch
Schlagworte:
Tags: Tag hinzufügen
Keine Tags, Fügen Sie das erste Tag hinzu!

MARC

LEADER 00000naa$a2200000$$$4500
001 0007480
005 20240502071351.9
041 0 |a slo 
044 |a SK 
245 1 0 |a Výpočet efektívnej úrokovej miery pri reportingu finančného lízingu  |c aut. Anna Harumová 
520 |a Úprava lízingu v medzinárodných účtovných štandardoch (IAS/IFRS), ktoré upravujú lízing v IAS17-Lízingy. Reporting finančného lízingu podľa IAS/IFRS. Lízing podľa slovenských predpisov. 
610 2 0 |a miera úroková 
610 2 0 |a reporting 
610 2 0 |a štandardy účtovné medzinárodné 
610 2 0 |a prenájom zmluvný 
610 2 0 |a úpravy právne 
610 2 0 |a lízing finančný 
100 1 |a Harumová, Anna, 1955-